Industria 4.0. Trabajo y seguridad social /

Bibliographic Details
Main Author: Mendizb̀al Bermd︢ez, Gabriela
Other Authors: Sǹchez-Castaęda, Alfredo, Kurczyn Villalobos, Patricia
Format: eBook
Language:Spanish
Published: Ciudad de Mx̌ico: Instituto de Investigaciones Jurd̕icas (IIJ) de la UNAM, 2019
Subjects:
Online Access:Acceso restringido

MARC

LEADER 00000nam a22000007a 4500
005 2020010904214.0
007 cr|||| ||||
008 200109s2019 mx |||||s|||| 00||0 spa d
020 |a 978-607-30-2132-6 
035 |a 30911 
040 |a vLex 
090 |c 10091  |d 10091 
100 1 |a Mendizb̀al Bermd︢ez, Gabriela 
245 1 0 |a Industria 4.0.  |h [Recurso electrn̤ico] :  |b Trabajo y seguridad social /  |c Gabriela Mendizb̀al Bermd︢ez, Alfredo Sǹchez-Castaęda, Patricia Kurczyn Villalobos 
256 |a Servicio en ln̕ea 
260 |a Ciudad de Mx̌ico:  |b Instituto de Investigaciones Jurd̕icas (IIJ) de la UNAM,  |c 2019 
300 |a 1 recurso electrn̤ico 
506 1 |a Disponible solo en los productos indicados  |d vLex Global  |d vLex Global (Academic Edition, excluding Law Schools)  |d vLex Global (U.S. Academic Edition, Law Schools)  |d vLex Global (U.S. Academic Edition, excluding Law Schools)  |d vLex Global (Academic Edition, Law Schools) 
650 0 4 |a Derecho Laboral y Seguridad Social  |z Mx̌ico 
700 1 |a Sǹchez-Castaęda, Alfredo 
700 1 |a Kurczyn Villalobos, Patricia 
740 0 |a vLex Libros (Servicio en ln̕ea) 
856 4 0 |u http://vlex.com/source/industria-4-0-trabajo-seguridad-social-30911  |z Acceso restringido 
942 |c BOOK 
999 0 |a Labor law and social security